000 00316nam a2200133Ia 4500
100 _aMurdick/R.G/ Ross/J.E
942 _cBK
654 _amanagement
245 _aInformation system for modern management
260 _bprentice hall
_aNew Delhi
_c1987
082 _a658.84
_bMUR
300 _a466
546 _aENGLISH
999 _c32603
_d32603